ბათუმის შოთა რუსთაველის სახელმწიფო უნივერსიტეტის ბიბლიოთეკა

ქუთაისური საუბრები-X სიმპოზიუმის მასალები : (ბიბ.ჩანაწერი № 54667)

000 -ლიდერი
ფიქსირებული სიგრძის საკონტროლო ველი 01757nam a2200325Ia 4500
001 - საკონტროლო ნომერი
საკონტროლო ველი 21734
003 - საკონტროლო ნომრის იდენტიფიკატორი
საკონტროლო ველი GE_BSU
005 - ბოლო ოპერაციის თარიღი და დრო
საკონტროლო ველი 20220204121947.0
008 - ფიქსირებული სიგრძის მონაცემთა ელემენტები - ზოგადი ინფორმაცია
ფიქსირებული სიგრძის საკონტროლო ველი 181216s2003||||ge |||||||||||||| ||geo||
020 ## - წიგნის საერთაშორისო სტანდარტული ნომერი
International Standard Book Number 9992879890
040 ## - კატალოგიზაციის წყარო
Transcribing agency GE_BSU
041 ## - ენის კოდი
Language code of text/sound track or separate title geo
080 ## - უნივერსალური ათობითი კლასიფიკაციის ინდექსი
Universal Decimal Classification number 811.353.1'282(063) ქ-84
245 ## - ცნობა სათაურის შესახებ
Title ქუთაისური საუბრები-X სიმპოზიუმის მასალები :
Remainder of title სიმპოზიუმის ძირითადი თემა - დიალექტი, ენა, კულტურა, ქართველოლოგიური პრობლემები /
Statement of responsibility, etc რედ. ტარიელ ფუტკარაძე.
264 ## - წარმოების, გამოცემის, დისტრიბუციის და სხვა ცნობები
გამოცემის, წარმოების, დისტრიბუციის... ადგილი ქუთაისი :
გამოცემის, წარმოების, დისტრიბუციის... სახელწოდება ქუთაისის სახ. უნ-ტი,
გამოცემის, წარმოების, დისტრიბუციის... თარიღი 2003.
300 ## - ფიზიკური აღწერა
Extent 175 გვ. ;
Dimensions 20 სმ.
500 ## - ზოგადი შენიშვნა
General note ეძღვნება ქუთაისის სიონის (ბაგრატის) ტაძრის 1000 წლისთავს
500 ## - ზოგადი შენიშვნა
General note
546 ## - LANGUAGE NOTE
Language note თავფურცელი ქართულ და ინგლისურ ენებზე
653 ## - INDEX TERM--UNCONTROLLED
Uncontrolled term დიალექტი
653 ## - INDEX TERM--UNCONTROLLED
Uncontrolled term ენა
653 ## - INDEX TERM--UNCONTROLLED
Uncontrolled term კულტურა
653 ## - INDEX TERM--UNCONTROLLED
Uncontrolled term ქართველოლოგიური პრობლემები
653 ## - INDEX TERM--UNCONTROLLED
Uncontrolled term სიმპოზიუმის მასალები
653 ## - INDEX TERM--UNCONTROLLED
Uncontrolled term ქუთაისის სიონის (ბაგრატის) ტაძრის 1000 წლისთავი.
653 ## - INDEX TERM--UNCONTROLLED
Uncontrolled term ქუთაისური საუბრები
700 ## - ADDED ENTRY--PERSONAL NAME
Personal name ფუტკარაძე, ტარიელ
Relator term რედაქტორი
9 (RLIN) 128
942 ## - ADDED ENTRY ELEMENTS (KOHA)
Koha item type წიგნი
Source of classification or shelving scheme
ეგზემპლარები
ჩამოწერის სტატუსი დაკარგული ეგზემპლარის სტატუსი კლასიფიკაციის წყარო ან თაროზე გაწყობის სქემა დაზიანების სტატუსი არ გაიცემა მუდმივი მდებარეობა (დაცვის ადგილი) ამჟამინდელი ადგილსამყოფელი თაროზე განთავსების ადგილი შეძენის თარიღი ღირებულება, შესყიდვის ნორმალური ფასი სრული შენახვის შიფრი შტრიხკოდი ბოლო ოპერაციის თარიღი ეგზემპლარის მიმდევრობითი ნომერი (კეტერი?) ფასის ძალაში შესვლის თარიღი ეგზემპლარის სახეობა საჯარო შენიშვნა
          ბათუმის შოთა რუსთაველის სახელმწიფო უნივერსიტეტის მთავარი ბიბლიოთეკა ბათუმის შოთა რუსთაველის სახელმწიფო უნივერსიტეტის მთავარი ბიბლიოთეკა წიგნსაცავი 2018-12-17 10.00 811.353.1'282(063) ქ-84 55946 2018-12-17 55946 2018-12-17 წიგნი 10.00 ₾.